00777nas a2200205 a 4500003000500000005001700005008004100022020001800063040001400081245008000095260003600175300001400211500005100225500007100276650003900347650005600386942000800442999001500450952010600465CDMR20160307163816.0130130c1961||||-ukar|||||||| 00||||eng|d a9780955548161 bcatcCDMR00aWorld Radio TV Handbookb: WRTH : the directory of global broadcasting 2016 c2015bWRTH PublicationsaOxford av.c22 cm aVolum 70 del manual, corresponent a l'any 2016 aCanvia l'ISBN a partir de l'any 2014. ISBN anterior: 97809555481540492805aRadiodifusió internacional0493923aMitjans de comunicació de massavDirectoris cSER c3779d3779 001040708REFaCDMRbCDMRd2016-03-07eComprag37.15l0oBbpCDMR1402301186r2014-02-25v37.15ySER